Song Lyrics Quiz #2 - Statistics

General Stats
  • This quiz has been taken 53 times
  • The average score is 5 of 15
Answer Stats
Hint Answer % Correct
"I want your ugly, I want your disease" Bad Romance - Lady Gaga
76%
"Today is gonna be the day that they're gonna throw it back to you" Wonderwall - Oasis
74%
"I travel the world and the seven seas" Sweet Dreams - Eurythmics
65%
"Don′t you ever say I just walked away I will always want you" Wrecking Ball - Miley Cyrus
52%
"We don't need no thought control" Another Brick in the Wall - Pink Floyd
50%
"I've been cheated by you since I don't know when" Mamma Mia - ABBA
50%
"A Southern man don't need him around, anyhow" Sweet Home Alabama - Lynyrd Skynyrd
24%
"Someone told me long agoThere's a calm before the storm" Have You Ever Seen the Rain - Creedence Clearwater Revival
15%
"She's got blisters on the soles of her feet She can′t walk, but she's trying" Another Day in Paradise - Phil Collins
13%
"Wir (wir sind, wir sind, wir sind, wir sind) Sind schon sehr lang zusammen" Deutschland - Rammstein
11%
"Au soleil, sous la pluie À midi ou à minuit" Aux Champs Elysèes - Joe Dassin
9%
"I gotta roll, can't stand still Got a flamin′ heart, can't get my fill" Black Dog - Led Zeppelin
9%
"Every generation has its way A need to disobey" N'Oubliez Jamais - Joe Cocker
7%
"You want in to get under my skin and call yourself a friend I've got more friends like you, what do I do?" Walk - Pantera
7%
"Show me how to lie, you're getting better all the time" You're Gonna Go Far Kid - The Offspring
7%
No matching quizzes found
Score Distribution
Percent of People with Each Score
Percentile by Number Answered
Your Score History
You have not taken this quiz